000 00388nam a2200145Ia 4500
003 OSt
008 191201s2005 xx 000 0 und d
082 _a510 BOI
100 _aBoard of experienced Teachers
245 0 _aIshan's solution to Engineering Mathematics for 2nd Semester
260 _aN.Delhi
_bIshan Publications
_c2005
300 _a5.88
650 _aApplied
942 _2ddc
_cBK
999 _c2219
_d2219